00310pab a2200121 454500008004000000100001800040245005400058260000900112300001100121362000800132650002200140773002600162180718b2013 xxu||||| |||| 00| 0 eng d aHazra, Anupam aAdding new dimensions to sustainable rural growth c2013 ap.3-4. aJul aRural development aKurukshetra (English)